Tarzan v Atlantíde (Record no. 21769)
[ view plain ]
| 000 -LEADER | |
|---|---|
| fixed length control field | 01406cam a2200385 a 4500 |
| 001 - CONTROL NUMBER | |
| control field | 21769 |
| 003 - CONTROL NUMBER IDENTIFIER | |
| control field | VRT |
| 005 - DATE AND TIME OF LATEST TRANSACTION | |
| control field | 20260309142813.0 |
| 008 - FIXED-LENGTH DATA ELEMENTS--GENERAL INFORMATION | |
| fixed length control field | 240318s1993 xo a c 0000f slo |
| 015 ## - NATIONAL BIBLIOGRAPHY NUMBER | |
| National bibliography number | SNBA1993/08 |
| 020 ## - INTERNATIONAL STANDARD BOOK NUMBER | |
| International Standard Book Number | 8085687003 |
| Qualifying information | (brož.) |
| 035 ## - SYSTEM CONTROL NUMBER | |
| System control number | SNK000015092 |
| 039 #9 - LEVEL OF BIBLIOGRAPHIC CONTROL AND CODING DETAIL [OBSOLETE] | |
| Level of rules in bibliographic description | 202405301333 |
| Level of effort used to assign nonsubject heading access points | csnk01 |
| Level of effort used to assign subject headings | 202405301331 |
| Level of effort used to assign classification | csnk01 |
| Level of effort used to assign subject headings | 202403181357 |
| Level of effort used to assign classification | VLOAD |
| Level of effort used to assign subject headings | 201603141607 |
| Level of effort used to assign classification | VLOAD |
| 040 ## - CATALOGING SOURCE | |
| Original cataloging agency | SNK |
| Language of cataloging | slo |
| Transcribing agency | SNK |
| Description conventions | AACR2 |
| 041 0# - LANGUAGE CODE | |
| Language code of text/sound track or separate title | slo |
| 044 ## - COUNTRY OF PUBLISHING/PRODUCING ENTITY CODE | |
| MARC country code | xo |
| ISO country code | SK |
| 080 ## - UNIVERSAL DECIMAL CLASSIFICATION NUMBER | |
| Universal Decimal Classification number | 885.4-3(087.5) |
| Edition identifier | 1981 |
| 100 1# - MAIN ENTRY--PERSONAL NAME | |
| Personal name | Stoličný, Peter, |
| Dates associated with a name | 1945- |
| Relationship | aut |
| -- | ill |
| 245 10 - TITLE STATEMENT | |
| Title | Tarzan v Atlantíde |
| Remainder of title | sci-fi príbeh pre staršie deti |
| Statement of responsibility, etc. | Peter Stoličný ; ilustrácie a grafická úprava autor |
| 250 ## - EDITION STATEMENT | |
| Edition statement | [1. vyd.] |
| 260 ## - PUBLICATION, DISTRIBUTION, ETC. | |
| Place of publication, distribution, etc. | Bratislava |
| Name of publisher, distributor, etc. | Libris |
| Date of publication, distribution, etc. | 1993 |
| Place of manufacture | Bratislava |
| Manufacturer | OfSETA |
| 300 ## - PHYSICAL DESCRIPTION | |
| Extent | 160 s. |
| Dimensions | 24 cm |
| 500 ## - GENERAL NOTE | |
| General note | Ilustrácie na titulnej strane |
| 655 #7 - INDEX TERM--GENRE/FORM | |
| Genre/form data or focus term | slovenské romány |
| Source of term | SNKPH |
| 655 #7 - INDEX TERM--GENRE/FORM | |
| Genre/form data or focus term | vedecko-fantastické romány |
| Source of term | SNKPH |
| 655 #7 - INDEX TERM--GENRE/FORM | |
| Genre/form data or focus term | literatúra pre deti a mládež |
| Source of term | SNKPH |
| 942 ## - ADDED ENTRY ELEMENTS (KOHA) | |
| Source of classification or shelving scheme | Dewey Decimal Classification |
| Koha item type | Krásna literatúra pre deti |
| Suppress in OPAC | No |
| 949 ## - LOCAL PROCESSING INFORMATION (OCLC) | |
| 6 | 17A1077410 |
| a | snkSC 84023 D1 |
| b | snkKSP 5505/93 |
| o | náhrada-originál |
| 949 ## - LOCAL PROCESSING INFORMATION (OCLC) | |
| 6 | 270001000047194 |
| a | svkbbB 28382 |
| p | 584.136 |
| 949 ## - LOCAL PROCESSING INFORMATION (OCLC) | |
| 6 | 4710704347 |
| a | strmkM |
| b | strmk2008/4347 |
| 949 ## - LOCAL PROCESSING INFORMATION (OCLC) | |
| 6 | 17A1010190 |
| a | snkSC 84023 |
| b | snkKSP 5504/93 |
| 949 ## - LOCAL PROCESSING INFORMATION (OCLC) | |
| 6 | 273K0185593 |
| a | svkpoB 62400 |
| b | svkpo396904 |
| o | PV 340/94 |
| Stav vyradenia | Strata | Poškodenie | Spôsob nadobudnutia | Domovská knižnica | Aktuálna knižnica | Dátum nadobudnutia | Total checkouts | Čiarový kód exemplára | Date last seen | Typ exemplára |
|---|---|---|---|---|---|---|---|---|---|---|
| Dar | Obecná knižnica Horná Štubňa | Obecná knižnica Horná Štubňa | 09.03.2026 | 4736201794 | 09.03.2026 | Krásna literatúra pre deti |
